000 00558cam a22001217a 4500
008 180718b1979 xxu||||| |||| 00| 0 eng d
082 _aA81x54 In2/71/5/PT10C/2/D
100 _aCensus of India 1971
245 _aGujarat district census handbook, The Dangs: analytical report on census and related statistics, socio-economic and cultural tables (rural areas) and housing tables
260 _aAhmadabad
_bGovernment Printig and Stationery
_c1979
300 _av.p.
440 _aCensus of India 1971. Series-5, Gujarat. Part X-C-II (with off prints of part X-C-I)
999 _c485023
_d485023